Κατάλογος Βιβλιοθηκών Mediterranean College

Σύμβολα και Συμβολισμοί / Θεοί & Θεότητες - Αστρονομία & Αστρολογία - Αλχημεία - Οικοσημολογία - Η Μαγεία & το Μυστηριώδες - Τέρατα & Μορφές της Φαντασίας - Εκκλησία & Θρησκεία - Σφραγδόλιθοι, κ.τ.λ. (Record no. 5492)

MARC details
000 -LEADER
fixed length control field 01914cam a22001934a 4500
005 - ΗΜΕΡΟΜΗΝΙΑ ΚΑΙ ΩΡΑ ΤΕΛΕΥΤΑΙΑΣ ΕΝΗΜΕΡΩΣΗΣ
Πεδίο ελέγχου 20250605164213.0
008 - FIXED-LENGTH DATA ELEMENTS--GENERAL INFORMATION
Πεδίο ελέγχου σταθερού μήκους 250528s ||||||||||||||||||||||||d
035 ## - SYSTEM CONTROL NUMBER
System control number 20377
040 ## - ΠΗΓΗ ΚΑΤΑΛΟΓΟΓΡΑΦΗΣΗΣ
Φορέας πρωτότυπης καταλογογράφησης MC Athens Campus Library
Γλώσσα καταλογογράφησης Ελληνικά, Μοντέρνα (1453-)
Modifying agency MC Athens Campus Library
Κανόνες περιγραφικής καταλογογράφησης AACR2
245 1# - ΤΙΤΛΟΣ ΚΑΙ ΔΗΛΩΣΗ ΥΠΕΥΘΥΝΟΤΗΤΑΣ
Τίτλος Σύμβολα και Συμβολισμοί / Θεοί & Θεότητες - Αστρονομία & Αστρολογία - Αλχημεία - Οικοσημολογία - Η Μαγεία & το Μυστηριώδες - Τέρατα & Μορφές της Φαντασίας - Εκκλησία & Θρησκεία - Σφραγδόλιθοι, κ.τ.λ.
300 ## - PHYSICAL DESCRIPTION
Extent 216
505 0# - FORMATTED CONTENTS NOTE
Formatted contents note Θεοί και Θεότητες, Αστρονομία και Αστρολογία, Αλχημεία, Οικοσημολογία, Η Μαγεία και το Μυστηριώδες, Τέρατα & Μορφές της Φαντασίας, Γιαπωνέζικες Κορωνίδες, Εκκλησία & Θρησκεία, Σημεία και Σφραγδόλιθοι, Υδατόσημα, Τυπογραφικά Σήματα, Σήμανση Βοδιών, Επίλογος, Συμβολικές Παραστάσεις Αλητών και Περθωριακών, Επίλογος
520 ## - SUMMARY, ETC.
Summary, etc. Θεοί και Θεότητες, Αστρονομία και Αστρολογία, Αλχημεία, Οικοσημολογία, Η Μαγεία και το Μυστηριώδες, Τέρατα & Μορφές της Φαντασίας, Γιαπωνέζικες Κορωνίδες, Εκκλησία & Θρησκεία, Σημεία και Σφραγδόλιθοι, Υδατόσημα, Τυπογραφικά Σήματα, Σήμανση Βοδιών, Επίλογος, Συμβολικές Παραστάσεις Αλητών και Περθωριακών, Επίλογος
700 1# - ΠΡΟΣΘΕΤΗ ΑΝΑΓΡΑΦΗ--ΦΥΣΙΚΟ ΠΡΟΣΩΠΟ
Personal name Lehner E
9 (RLIN) 6361
700 1# - ΠΡΟΣΘΕΤΗ ΑΝΑΓΡΑΦΗ--ΦΥΣΙΚΟ ΠΡΟΣΩΠΟ
Personal name Γρηγ. Φούντας
9 (RLIN) 2617
942 ## - ADDED ENTRY ELEMENTS (KOHA)
Koha item type Books
Holdings
Τύπος τεκμηρίου Βιβλιοθήκη Τρέχουσα τοποθεσία Barcode Αριθμός εισαγωγής Ημερομηνία απόκτησης Ταξιθετικό σύμβολο Αριθμός αντιτύπου Κατάσταση απόσυρσης Κατάσταση χαμένου Κατάσταση κατεστραμμένου Μη δανεισμός Σύνολο δανεισμών Ημερομηνία τελευταίας εμφάνισης Η τιμή ισχύει από
Books MC Athens Campus Library MC Athens Campus Library 9780000054913 6844 05/06/2025 704.946 LEH 1           05/06/2025 05/06/2025

MC Athens Campus Library
Πατησίων 94 & Κοδριγκτώνος 13, 104 34
Πελλήνης 8 & Πατησίων 107, 112 51
Τ: +30 210 8899600

MC Thessaloniki Campus Library
Ίωνος Δραγούμη 21, 54625 | Ίωνος Δραγούμη 15, 54625
Τ: +30 2310 287779 – Τ: +30 2314 440300